000 01346cam a22003014a 4500
005 20260322212044.0
008 data
010 _a 2005042435
020 _a9780143118428(pbk.)
020 _a9780670034710
040 _aDLC
_cDLC
_dDLC
_dC#P
_dBUR
_dVP@
_dDLC
042 _apcc
043 _an-us---
050 0 0 _aG154.5.G55
_bA3 2006
082 0 0 _aB
_aB
_222
092 _a910.4 G55 2006
100 1 _aGilbert, Elizabeth
245 1 0 _aEat, pray, love :
_bone woman's search for everything across Italy, India and Indonesia /
_cElizabeth Gilbert.
260 _aNew York :
_bViking,
_c2006.
300 _a334 p. ;
_c24 cm.
505 0 _aItaly, or, "Say it like you eat it," or, 36 tales about the pursuit of pleasure -- India, or, "Congratulations to meet you," or, 36 tales about the pursuit of devotion -- Indonesia, or, "Even in my underpants, I feel different," or, 36 tales about the pursuit of balance.
600 1 0 _aGilbert, Elizabeth,
_d1969-
_xTravel.
650 0 _aTravel writers
_zUnited States
_vBiography.
856 4 2 _3Contributor biographical information
_uhttp://www.loc.gov/catdir/enhancements/fy0719/2005042435-b.html
856 4 2 _3Publisher description
_uhttp://www.loc.gov/catdir/enhancements/fy0719/2005042435-d.html
856 4 1 _3Sample text
_uhttp://www.loc.gov/catdir/enhancements/fy0719/2005042435-s.html
001 data
999 _c1051
_d1051